00508nam a2200193 a 4500001001300000003000900013005001700022008004100039020001000080082001500090100002500105245002800130260003800158300000900196500003500205505002400240650002500264700002500289nice12345678IN_TiNIC20260116011800.0050524s1959 lona grp 000 0 eng  ac10000a231.7bLAW aLawton, John Stewart aMiracles and Revelation aLondon bLutterworth Press c1959 a284p aincludes index and biblioraphy2 aBibliography, Index aRevelation-Christian1 aLawton, John Stewart